000 00751nam a2200241Ia 4500
003 OSt
005 20220930194917.0
006 a|||||r|||| 00| 0
007 ta
008 220926b |||||||| |||| 00| 0 eng d
024 _a13372
037 _cDissertations
040 _aCRL
_cCRL
_beng
041 _2eng
_aeng
100 _aRoll No. 27
_9563713
110 _aUniversity of Delhi. Faculty of Education. Department of Education
245 0 _aComparative study of some intellectual and non intellectual factors of different professional groups
260 _c1971
650 _aEDUCATION
700 _aUniversity of Delhi. Faculty of Education. Department of Education
942 _cDIS
_2CC
999 _c898300
_d898300